000 00471pab a2200181 454500
008 180718b2003 xxu||||| |||| 00| 0 eng d
100 _aMeenakshi, J.V.
245 _aCalorie deprivation in rural India, 1983-1999/2000
260 _c2003
300 _ap.369-75.
362 _a25 Jan
650 _aPoverty - India
650 _aCalories - India
650 _aCalories
700 _aVishwanathan, Brinda
773 _aEconomic and Political Weekly
909 _a55439
999 _c55439
_d55439